000 00648nam a2200253Ia 4500
003 OSt
005 20220924121144.0
006 a|||||r|||| 00| 0
007 ta
008 220923b |||||||| |||| 00| 0 tel d
020 _cRs.6
024 _a339009
037 _cTextual
040 _aARTS
_cARTS
_btel
041 _2tel
_atel
082 _aO35,2x, M6;1
100 _aS. Gangappa Au.
_9184527
245 0 _aPada Kavita Pitamahaudu
260 _aGuntur
_bIndia
_c1986
300 _a54p.
_ccm.
650 _aTELUGU LITERATURE
942 _hO35,2x, M6;1
_cTEXL
_2CC
999 _c406104
_d406104